=LDR 00000nam 2200000 4500 =001 INLIS000000000008293 =005 20130612100204 =008 ***********************************Ind** =035 ##$$0010-061300000008293 =041 ##$$a Ind =082 ##$$a 2x4.86 =090 ##$$a 2x4.86, Mus m =100 ##$$a Musawi, Ayatullah Sayid Muhammad =245 ##$$a Mazhab syiah, kajian Al-Quran dan sunnah, Ayatullah sayyid Muhammad Al-Musawi ; editor, Miftah F. Rakhmat =260 ##$$a 2001 $b Bandung =300 ##$$a xxii, 66 hlm, 24 cm =650 ##$$a Mazhab Syiah =700 ##$$a Rahmad, Miftah F